[Event "2nd Gujarat Open 2019"]
[Site "Ahmedabad, Gujarat"]
[Date "2019.09.22"]
[Round "1"]
[White "Vlassov, Nikolai"]
[Black "Kadam Rishi R"]
[Result "1/2-1/2"]
[WhiteElo "2384"]
[BlackElo "1772"]
[Annotator "TA"]
[PlyCount "81"]
[EventDate "2019.09.22"]
[EventCountry "IND"]
[SourceTitle "playchess.com"]
[Source "ChessBase"]
[SourceQuality "1"]

{[%evp 10,81,6,3,28,2,1,-6,13,-9,20,0,0,0,0,-11,7,0,27,-17,0,0,0,0,14,0,0,0,0,0,0,0,9,38,73,0,0,0,0,20,20,20,20,24,38,6,8,6,4,0,6,4,49,0,0,0,15,0,0,0,0,0,0,0,0,0,0,0,0,0,0,0,0,0]} 1. e4 e5 2. Bc4 Nf6 3. d3 Bc5 4. Nf3 Nc6 5. Bg5 h6 6. Bh4 Be7 {C50: Hungarian Defence and Giuoco Pianissimo} (6... d6 7. c3 a6 8. Nbd2 Ba7 9. a4 Qe7 10. Qe2 Be6 11. b4 Bxc4 12. Nxc4 Qe6 13. Bxf6 Qxf6 14. O-O O-O 15. b5 Nd8 {½-½ (32) Yu,Y (2736)-Aronian,L (2756) Riga 2019}) 7. Nbd2 d6 8. c3 a6 (8... g5 $5 9. Bg3 $8 g4 $11) 9. a4 O-O (9... g5 {looks sharper.} 10. Bg3 g4 11. Ng1 h5 12. h3 h4) 10. h3 Nh5 11. Bxe7 Qxe7 12. g3 Kh7 13. Nf1 Be6 14. N3d2 g6 $146 15. Ne3 Rad8 16. a5 Qd7 17. Qb3 Bxc4 18. Ndxc4 Rb8 19. O-O-O Nf6 20. f4 exf4 21. gxf4 d5 {[#]} 22. Ne5 (22. exd5 $1 $16 Ne7 23. Ne5) 22... Qd6 $11 23. Nxd5 Nxe5 24. fxe5 Qxe5 25. Nxf6+ Qxf6 26. Rhf1 Qe6 27. Qxe6 (27. Qc4 {keeps more tension.} Rbc8 28. Qb4 b6 29. Rf3 bxa5 30. Qxa5 c5 31. Rdf1) 27... fxe6 $14 {[%mdl 4096] Endgame KRR-KRR} 28. Kd2 g5 29. Ke3 Kg6 30. d4 Kh5 31. e5 Kg6 {The position is equal.} 32. c4 c6 33. Kd3 h5 34. Kc3 g4 35. hxg4 hxg4 36. Kb4 Rxf1 37. Rxf1 Rd8 38. Kc5 Rd7 39. Rf8 Rf7 40. Rh8 Rh7 41. Rf8 {Accuracy: White = 51%, Black = 53%.} 1/2-1/2

[Event "2nd Gujarat Open 2019"]
[Site "Ahmedabad, Gujarat"]
[Date "2019.09.22"]
[Round "1"]
[White "Nitin, S.."]
[Black "Amatya, Pramit"]
[Result "1-0"]
[WhiteElo "2361"]
[BlackElo "1751"]
[Annotator "TA"]
[PlyCount "45"]
[EventDate "2019.09.22"]
[EventCountry "IND"]
[SourceTitle "playchess.com"]
[Source "ChessBase"]
[SourceQuality "1"]

{[%evp 9,62,14,19,14,39,37,57,14,49,47,45,47,54,49,76,41,45,31,71,49,90,53,76,54,56,57,66,62,70,56,99,101,91,13,102,55,57,22,47,41,46,49,40,41,41,43,53,43,36,33,165,153,152,123,125]} 1. e4 c5 2. Nf3 d6 3. d4 cxd4 4. Qxd4 Nc6 5. Qe3 Nf6 6. Be2 {B53: Sicilian: 2...d6: Lines with Qxd4} e6 (6... g6 7. O-O Bg7 8. h3 O-O 9. c4 b6 10. Rd1 Nd7 11. Nc3 Bb7 12. b3 Nb4 {0-1 (37) Anand,V (2764)-Vachier Lagrave,M (2775) Paris 2019}) 7. O-O Be7 8. Rd1 {White is slightly better.} Qc7 9. c4 O-O 10. Nc3 Bd7 $146 ({Predecessor:} 10... b6 11. h3 Bb7 12. b3 Rad8 {½-½ (25) Harika,D (2503)-Paehtz,E (2479) Skolkovo 2019}) 11. b3 Ne5 12. Nd4 a6 13. Bb2 Bc6 14. Rac1 {Hoping for Nd5!} Qb8 15. h3 Rd8 16. a4 Ng6 17. Ba3 Bf8 18. Bf1 Kh8 19. Bb2 d5 20. exd5 exd5 21. Nf5 (21. cxd5 $16 Bd7 22. Nf3) 21... Qf4 (21... Re8 $11 {keeps the balance.} 22. Qd2 dxc4) 22. Qxf4 (22. Nh6 {is interesting.} Be8 23. Nxd5 Nxd5 24. cxd5 f6 25. Ng4) 22... Nxf4 23. Nd4 {Played: Nf5-h6} 1-0

[Event "2nd Gujarat Open 2019"]
[Site "Ahmedabad, Gujarat"]
[Date "2019.09.22"]
[Round "1"]
[White "Manush Shah"]
[Black "Tamhankar, Siddhant"]
[Result "1-0"]
[WhiteElo "2352"]
[BlackElo "1750"]
[Annotator "TA"]
[PlyCount "55"]
[EventDate "2019.09.22"]
[EventCountry "IND"]
[SourceTitle "playchess.com"]
[Source "ChessBase"]
[SourceQuality "1"]

{[%evp 9,55,69,76,58,85,41,77,72,70,75,80,66,61,40,38,34,29,22,29,17,10,9,45,30,75,61,79,75,87,91,87,81,86,50,109,112,219,210,212,209,558,551,532,555,717,677,1178,1168]} 1. d4 Nf6 2. Nf3 c5 3. d5 d6 4. c4 e5 5. Nc3 Be7 6. g3 {A56: Czech Benoni} (6. e4 O-O 7. Bd3 Ne8 8. a3 g6 9. Bh6 Ng7 10. Qd2 Nd7 11. g4 Nf6 12. h3 Kh8 13. O-O-O Ng8 14. Rdg1 Nxh6 15. Qxh6 f6 {½-½ (33) Cori Tello,J (2496)-Ortiz Suarez,I (2576) San Cristobal 2012}) 6... Nbd7 7. Bg2 Nf8 8. O-O {White is better.} Ng6 9. Ne1 O-O 10. Nd3 h5 11. e4 h4 12. Rb1 Bg4 13. Bf3 Bh3 $146 14. Re1 Qc8 15. Bg2 hxg3 16. hxg3 Nh7 17. Be3 Bg5 18. Bxg5 Nxg5 {[#]} 19. Qh5 $1 {[%cal Rh5g5]} Qg4 20. Qxg4 Bxg4 21. f4 $36 {[%mdl 2048] White has some pressure.} exf4 ({Black should try} 21... Nh7 $1 $14) 22. gxf4 $16 Nh3+ (22... Nh7 $16 {might work better.}) 23. Bxh3 $1 $18 Bxh3 24. f5 {And now Re3 would win.} Ne5 $2 (24... Ne7 {is a better chance.} 25. Nf2 Bxf5) 25. Nxe5 {White is clearly winning.} dxe5 26. Kf2 g5 27. Rh1 g4 {[#]} 28. Rbg1 $1 {[%mdl 512] Accuracy: White = 82%, Black = 22%.} 1-0

[Event "2nd Gujarat Open 2019"]
[Site "Ahmedabad, Gujarat"]
[Date "2019.09.22"]
[Round "1"]
[White "Sahoo, Utkal Ranjan"]
[Black "Sadbhav Rautela"]
[Result "1-0"]
[WhiteElo "2329"]
[BlackElo "1720"]
[Annotator "TA"]
[PlyCount "47"]
[EventDate "2019.09.22"]
[EventCountry "IND"]
[SourceTitle "playchess.com"]
[Source "ChessBase"]
[SourceQuality "1"]

{[%evp 12,46,26,27,68,62,104,97,99,85,226,230,214,216,217,213,208,206,340,331,306,317,29986,29987,29993,29994,29994,29995,29995,29996,29996,29997,29997,29998,29998,29999,29999]} 1. d4 d5 2. c4 c6 3. Nc3 Nf6 4. cxd5 cxd5 5. Bf4 Nc6 6. e3 Bf5 7. Qb3 Qd7 {D10: Slav Defence: 3 cxd5 (without early Nf3) and 3 Nc3} (7... Na5 8. Qa4+ Bd7 9. Qc2 e6 10. Nf3 Be7 11. Bd3 Nc6 12. Qe2 Nh5 13. Be5 f6 14. Bg3 f5 15. Nd2 g6 {½-½ (29) Aronian,L (2756)-Yu,Y (2736) Riga 2019}) 8. Nf3 e6 9. Ne5 Qc8 {White is better.} 10. Bb5 Bd6 (10... Be7 $16 {was called for.}) 11. Nxc6 $18 bxc6 12. Bxd6 cxb5 13. Nxb5 {[#] Strongly threatening Ba3.} ({Don't play} 13. Qxb5+ Qd7) 13... Kd7 14. O-O Qb7 (14... Bc2 {keeps fighting.} 15. Qa3 Qc6) 15. Rfc1 Rhc8 $146 {intending ...a6.} 16. Ba3 {Black must now prevent Qb4.} a6 $2 (16... Rxc1+ $18 17. Rxc1 Rc8 18. Rxc8 Qxc8) 17. Qb4 {[%csl Ga3][%cal Rb4e7] White mates.} Ng8 18. Qd6+ Ke8 {[#]} 19. Qf8+ $1 {[%mdl 64] Double Attack} Kd7 20. Qxf7+ Kd8 21. Qxg8+ Kd7 22. Qf7+ Kd8 23. Qf8+ Kd7 24. Qe7# {Accuracy: White = 97%, Black = 21%.} 1-0

[Event "2nd Gujarat Open 2019"]
[Site "Ahmedabad, Gujarat"]
[Date "2019.09.22"]
[Round "1"]
[White "Souhardo Basak"]
[Black "Aagam Aditya E"]
[Result "1-0"]
[WhiteElo "2301"]
[BlackElo "1715"]
[Annotator "TA"]
[PlyCount "109"]
[EventDate "2019.09.22"]
[EventCountry "IND"]
[SourceTitle "playchess.com"]
[Source "ChessBase"]
[SourceQuality "1"]

{[%evp 18,109,28,-1,-1,0,0,-4,31,22,34,42,42,30,37,-16,-12,-43,-35,-83,-93,-84,0,0,45,37,37,45,38,11,5,-17,-15,-16,-19,-35,-16,-28,-31,-19,0,0,0,0,0,0,20,18,11,16,90,89,80,76,167,162,140,91,254,252,652,646,1138,123,479,495,489,483,481,470,486,488,513,422,443,431,1058,1048,1032,1029,1414,937,29950,9917,6165,6049,29990,29991,29991,29992,29992,29993,29993,29994]} 1. e4 e5 2. Nf3 Nc6 3. Bb5 a6 4. Ba4 Nf6 5. O-O Nxe4 6. d4 b5 7. Bb3 d5 8. dxe5 Be6 9. c3 Bc5 10. a4 {Strongly threatening axb5.} b4 {C82: Open Ruy Lopez: 9 c3 without 9...Be7} (10... O-O 11. axb5 axb5 12. Rxa8 Qxa8 13. Nbd2 Qa7 14. Qe2 {½-½ (14) Petrov,M (2421)-Todorovic,G (2462) Belgrade 2016}) 11. Qe2 O-O 12. Bc2 bxc3 {The position is equal.} 13. Nxc3 Nxc3 14. bxc3 {aiming for Ng5.} Qd7 15. a5 Bf5 16. Ra4 (16. Ba4 $14) 16... Rfe8 $11 {With the idea ...Bxc2.} 17. Rh4 Be7 18. Rh5 Bg6 $146 (18... Bxc2 {is interesting.} 19. Qxc2 g6 20. Rh3 Nxa5 21. Bg5 Nc4) 19. Rh3 Qg4 (19... Nxa5 $17 20. Bxg6 hxg6) 20. Rg3 Qc4 21. Qxc4 dxc4 22. Ba4 Be4 23. Re1 Bd5 24. Nd4 Nxd4 25. Bxe8 Nf5 26. Ba4 Nxg3 27. hxg3 Rb8 28. Be3 Bd8 29. Ba7 $36 {[%mdl 2048] White has good play.} Ra8 30. Rd1 c6 31. Bb6 {Hoping for Bxd8.} Bxb6 32. axb6 {[%mdl 4096] Endgame KRB-KRB} Rb8 33. Rb1 Rb7 (33... Kf8 $11) 34. f3 Kf8 35. Kf2 {Black must now prevent Ke3.} Ke7 {[#]} (35... f6 $16) 36. Ke3 $1 $18 c5 37. Bc2 h6 $2 {[#]} (37... Ke6 $16 {might work better.}) 38. Rd1 $1 {[%cal Rd1d5]} Rd7 $2 (38... Be6 39. Rd6 Rb8) 39. Bf5 Be6 40. Rb1 $2 (40. Rxd7+ $18 {and the rest is easy.} Bxd7 41. b7 Bxf5 42. b8=Q) 40... Rb7 $2 {[%mdl 8192]} (40... Bxf5 $16 {is more resistant.} 41. b7 Bxb1) 41. Be4 Rb8 42. b7 Bd7 43. Rb6 Bb5 44. Rd6 Rh8 45. Bf5 {Threatens to win with Bc8.} Rb8 46. Bc8 Ke8 (46... a5 $142 47. Kd2 Ke8) 47. Ke4 Ke7 48. Kd5 Be8 49. Kxc5 f6 50. exf6+ gxf6 51. Rxa6 Kd8 52. Kd6 {White mates.} Rxc8 {[#]} 53. Ra8 $1 {[%csl Ga8][%cal Rb7c8][%mdl 576] Pin, Zwischenzug} Bd7 54. Rxc8+ Bxc8 55. b8=Q {Accuracy: White = 63%, Black = 29%.} 1-0

[Event "2nd Gujarat Open 2019"]
[Site "Ahmedabad, Gujarat"]
[Date "2019.09.22"]
[Round "1"]
[White "Shubham, Lakudkar"]
[Black "Rozum, Ivan"]
[Result "0-1"]
[WhiteElo "2023"]
[BlackElo "2596"]
[Annotator "TA"]
[PlyCount "50"]
[EventDate "2019.09.22"]
[EventCountry "IND"]
[SourceTitle "playchess.com"]
[Source "ChessBase"]
[SourceQuality "1"]

{[%evp 9,50,47,64,71,79,48,52,46,60,63,59,62,83,20,34,36,31,-35,-25,-35,0,-6,-9,-38,-18,-87,-85,-90,-71,-69,-58,-60,-59,-169,-168,-203,-208,-203,-202,-366,-361,-516,-512]} 1. e4 d5 2. exd5 Qxd5 3. Nc3 Qd6 4. d4 c6 5. Nf3 Bf5 (5... Bg4 6. Be3 Nf6 7. h3 Bh5 8. g4 Bg6 9. Bg2 Nbd7 10. Nh4 e6 11. Qe2 Be7 12. O-O O-O 13. Nxg6 hxg6 {½-½ (45) Jones,G (2646)-Tiviakov,S (2569) Bunratty 2018}) 6. Nh4 {B01: Scandinavian Defence} Be6 $146 ({Predecessor:} 6... Bg6 7. g3 Nf6 8. Nxg6 hxg6 9. Bg2 e6 10. O-O Be7 11. Bf4 Qd8 12. Ne2 O-O 13. c4 {1-0 (44) Rimsans,A (1995)-Mataix Arbona,C (1902) ICCF email 2016}) 7. g3 Nf6 8. Bg2 {White is slightly better.} Bc4 9. Nf5 Qd7 10. Ne3 Ba6 11. Ne4 (11. Ne2 $16) 11... Nxe4 $11 12. Bxe4 g6 13. d5 ({White should try} 13. f4 $14) 13... Bg7 $15 14. dxc6 Nxc6 15. Qxd7+ Kxd7 16. c3 Ne5 17. Kd2 (17. f4 $11 {remains equal.} Nd3+ 18. Bxd3 Bxd3 19. Ng4) 17... Rad8 $17 {[%cal Ba8d8,Bd8d3,Bd3f3][%mdl 32]} 18. f4 Kc8+ 19. Ke1 Nd3+ 20. Bxd3 $1 Rxd3 21. Bd2 ({White should play} 21. Kf2 $15) 21... e5 $19 22. Rd1 exf4 23. gxf4 Bh6 24. Ng4 $2 {[#]} (24. Bc1) 24... Rf3 $1 {White must now prevent ...Re8+.} 25. c4 (25. Be3 {keeps fighting.} Bxf4 26. Bxf4 Rxf4 27. Rd4 Re8+ 28. Kd2 Re2+ 29. Kc1 Rxd4 30. cxd4) 25... Re8+ {Accuracy: White = 35%, Black = 89%.} 0-1

[Event "2nd Gujarat Open 2019"]
[Site "Ahmedabad, Gujarat"]
[Date "2019.09.22"]
[Round "1"]
[White "Garv Rai"]
[Black "Chanda, Sandipan"]
[Result "0-1"]
[WhiteElo "1828"]
[BlackElo "2529"]
[Annotator "TA"]
[PlyCount "58"]
[EventDate "2019.09.22"]
[EventCountry "IND"]
[SourceTitle "playchess.com"]
[Source "ChessBase"]
[SourceQuality "1"]

{[%evp 9,58,-8,-7,-2,10,-10,-4,-20,-12,-28,-30,-40,-16,-64,-25,-33,-29,-38,-34,-37,-45,-49,-57,-112,-102,-100,-97,-113,-43,-145,-134,-131,-139,-135,-132,-149,-139,-265,-258,-276,-256,-267,-267,-299,-281,-920,-905,-981,-935,-1318,-1318]} 1. d4 f5 2. Bg5 g6 3. e3 Bg7 4. h4 d6 5. Nf3 h6 6. Bf4 {A80: Dutch Defence: Unusual White second moves} Nf6 7. Bc4 e6 8. Nc3 {The position is equal.} Qe7 9. Qe2 Nc6 10. Rd1 a6 11. Bh2 O-O 12. a3 Kh8 $146 13. b4 Ne4 $36 {[%mdl 2048] Black has the initiative.} 14. Nb1 Bd7 15. Bb3 e5 16. d5 (16. O-O $15) 16... Nd8 $17 17. c4 Nf7 18. Bc2 Kg8 (18... a5 $17 {Hoping for ...axb4.} 19. b5 h5) 19. g4 (19. Bxe4 $15 fxe4 20. Nfd2) 19... fxg4 20. Bxe4 gxf3 21. Bxf3 e4 22. Bg4 Be5 23. Nd2 {[#]} (23. Bg1 $17 {only move.}) 23... Bxh2 $1 $19 24. Rxh2 {With the idea Bxd7.} Ne5 25. Bxd7 Qxd7 26. Kf1 Qg4 27. Nb3 $2 (27. Re1 Nf3 28. Nxf3 Rxf3 29. Qc2) 27... Qg3 {Black is clearly winning.} 28. Rg2 Qh3 {[#] And now ...Nf3 would win.} 29. Nd4 Nf3 {Accuracy: White = 27%, Black = 77%.} 0-1

[Event "2nd Gujarat Open 2019"]
[Site "Ahmedabad, Gujarat"]
[Date "2019.09.22"]
[Round "1"]
[White "Kumthekar, Shubham"]
[Black "Saptarshi, Roy"]
[Result "0-1"]
[WhiteElo "1817"]
[BlackElo "2480"]
[Annotator "TA"]
[PlyCount "190"]
[EventDate "2019.09.22"]
[EventCountry "IND"]
[SourceTitle "playchess.com"]
[Source "ChessBase"]
[SourceQuality "1"]

{[%evp 9,190,52,46,10,6,6,7,16,10,17,15,13,43,41,48,46,59,49,41,30,27,31,35,33,36,29,32,7,17,18,28,13,22,10,39,16,20,0,0,0,26,0,24,7,7,7,14,7,8,7,8,7,9,0,14,0,14,16,71,11,20,12,41,0,46,0,98,100,97,106,112,51,72,95,85,32,90,0,48,0,0,-21,-11,-22,0,0,0,-16,0,0,0,-31,-36,-194,0,0,0,0,0,-40,-38,-46,0,-32,0,0,0,0,0,0,0,0,0,0,0,0,0,0,0,0,0,0,0,-12,-12,-12,0,-87,-68,-91,0,-4,-6,-164,-39,-253,-210,-343,0,-209,0,0,0,0,0,-149,0,-203,0,-130,-130,-135,-153,-141,-160,-171,-162,-144,0,-1222,-1196,-1174,-1155,-29977,-29978,-29978,-29979,-29974,-29958,-29986,-29987,-29986,-29985,-29988,-29989,-29989,-29989,-29989,-29987,-29988,-29989,-29997,-29998]} 1. d4 d5 2. c4 Nc6 3. e3 e5 4. dxe5 Bb4+ (4... d4 5. a3 Nge7 6. b4 Be6 7. Nf3 dxe3 8. Qxd8+ Rxd8 9. fxe3 Ng6 10. Bb2 Be7 11. Nbd2 O-O 12. Be2 Rfe8 13. O-O-O {½-½ (36) Kempinski,R (2647)-Pakleza,Z (2515) Poland 2015}) 5. Bd2 dxc4 6. Bxc4 {D07: Queen's Gambit: Chigorin Defence} Bxd2+ $1 7. Qxd2 Qxd2+ 8. Nxd2 {The position is equal.} Nxe5 9. Be2 Nf6 $146 ({Predecessor:} 9... Bf5 10. e4 Be6 11. Ngf3 Nxf3+ 12. Nxf3 {1-0 (26) Malano,F (1880)-Finocchiaro,G (2020) Torino 2015}) 10. Ngf3 Nc6 11. O-O O-O 12. Rac1 a5 13. a3 Be6 14. Ng5 Bd5 15. Nh3 Rfd8 16. Rfd1 Ne5 17. Nf4 (17. Rxc7 Bc6 $15) 17... Bc6 18. Nc4 Nxc4 19. Bxc4 Kf8 20. Kf1 a4 21. f3 Ke7 22. Ke2 (22. Nd3 {seems wilder.} Bd5 23. Bxd5 Nxd5 24. Ke2 c6 25. Rc4) 22... Rxd1 23. Rxd1 Ra5 24. Nd3 h5 25. h4 Be8 26. e4 Nd7 27. Rc1 c6 28. Ke3 f6 29. f4 g6 30. g3 Bf7 31. Rc2 Be8 32. Rc1 Nb6 33. Ba2 Rb5 (33... Nd7 $11) 34. Kd4 (34. Rc5 $16) 34... Nd7 $11 35. Bc4 $36 {[%mdl 2048] White has good play.} Ra5 36. Ke3 f5 37. Re1 Nf6 (37... Bf7 $11 {remains equal.} 38. Bxf7 Kxf7) 38. exf5 $16 gxf5 39. Kd4+ Ne4 40. Nf2 (40. Nc5 $1 $16) 40... Bg6 41. Nxe4 fxe4 {[%mdl 4096] Endgame KRB-KRB} 42. Re2 (42. Rd1 $16) 42... Kf6 (42... Ra8 $14) 43. Kc3 ({White should play} 43. Rd2 $16) 43... Ra8 44. Re3 Rd8 45. Be2 b5 46. Kc2 Rd5 47. Bf1 Rd4 48. Kc1 Be8 49. Bg2 Bg6 50. Bf1 Bf7 51. Rc3 $2 (51. Be2 $1 $15) 51... Rd6 $2 (51... Bc4 $1 $19 {[%cal Rc4f1]} 52. Bxc4 bxc4) 52. Be2 Be8 53. Kc2 Rd5 54. Bf1 c5 55. Re3 Rd4 56. Be2 (56. Rc3 $5 {[%cal Rc3c5]}) 56... Kf5 57. Rc3 c4 58. Re3 Bf7 59. Kc3 Rd6 60. Kc2 Bg6 61. Kc3 Kf6 62. Kc2 Rd5 63. Kc3 Rd6 64. Kc2 Rd8 65. Kc3 Ke6 66. Kc2 Kd5 67. Kc3 Kc5 {[#]} 68. Bf1 (68. f5 $1 $11 {[%mdl 512]} Bxf5 69. Bxh5) 68... Rd1 $1 $17 {[%cal Rd1f1]} 69. Bh3 Rg1 (69... Bh7 $1 $17 {Hoping for ...Rc1+.} 70. f5 Rd6) 70. Be6 Rf1 71. Bh3 $2 (71. f5 $1 $11 {and White stays safe.} Bxf5 72. Bxf5 Rxf5 73. Rxe4) 71... Rf2 (71... Rf3 $19 72. Rxf3 exf3) 72. Be6 $2 (72. f5 $1 $15 Bf7 73. g4) 72... Kd6 $1 $19 {[%cal Rd6e6]} 73. Bh3 (73. Bg8 {is a better defense.}) 73... Kd5 $2 (73... Rf3 $19 74. Rxf3 exf3) 74. Bd7 $2 {[#]} (74. Bc8 $1 $11) 74... Rf3 $2 (74... b4+ $1 $19 {[%mdl 512]} 75. axb4 Rf3 76. Rxf3 exf3) 75. Kd2 $1 $11 {Black must now prevent Rxf3.} Rf1 {...Kd4 is the strong threat.} 76. Kc3 (76. Bxb5 Kd4 $17) (76. f5 $5 {[%cal Rf5g6]} Bh7 77. Re1 $11) 76... Kc5 (76... Rc1+ $11 77. Kd2 Rg1) 77. Bh3 $17 Rf2 (77... Rf3 $17 78. Rxf3 exf3) 78. Bd7 $2 (78. Be6 $11) 78... Bh7 $2 (78... Bf7 $1 $19 79. Bf5 Rf3 80. Rxf3 exf3) 79. Be8 (79. f5 $1 $11) 79... Rf3 80. Kd2 {And now Rxf3 would win.} Kd4 81. Rxf3 exf3 82. Bxh5 {KB-KB} ({Avoid the trap} 82. Bxb5 $2 Bd3 $19) 82... f2 $1 {[%cal Rf2f1]} 83. Ke2 {[#]} b4 $1 {[%cal Rb4a3]} 84. Be8 $2 {[%mdl 8192]} ({Not} 84. axb4 $2 {[#]} a3 $1 $19 {[%mdl 512]}) (84. Kxf2 $11 b3 85. Bf7 (85. f5 $2 Bxf5 86. Bf7 c3 $19)) 84... c3 $19 85. bxc3+ Kxc3 86. axb4 a3 {Black mates.} 87. Bf7 Bd3+ 88. Kxf2 Bc4 89. Bxc4 Kxc4 {KP-KP} 90. Kf3 a2 91. Kg4 a1=Q 92. h5 Kd5 93. h6 Ke6 94. Kg5 Qf6+ 95. Kh5 Kf5 0-1

[Event "2nd Gujarat Open 2019"]
[Site "Ahmedabad, Gujarat"]
[Date "2019.09.22"]
[Round "1"]
[White "Md Zia Uddin"]
[Black "Nguyen, Van Huy"]
[Result "0-1"]
[WhiteElo "1815"]
[BlackElo "2454"]
[Annotator "TA"]
[PlyCount "85"]
[EventDate "2019.09.22"]
[EventCountry "IND"]
[SourceTitle "playchess.com"]
[Source "ChessBase"]
[SourceQuality "1"]

{[%evp 24,85,16,0,35,0,0,-11,0,0,0,0,0,-74,-78,-93,-98,-98,-98,-93,-64,-67,-66,-69,-66,-72,-64,-185,-175,-196,-189,-190,-207,-193,-197,-160,-157,-1916,-1916,-1877,-1827,-1575,-1510,-4477,-2445,-11264,-6079,-5114,-5065,-7014,-12837,-29976,-29977,-29976,-29977,-29982,-29983,-29988,-29989,-29990,-29991,-29991,-29992,-29992]} 1. e4 c6 2. d4 d5 3. Nc3 dxe4 4. Nxe4 Bf5 5. Ng3 Bg6 6. h4 h6 7. Nf3 Nd7 8. h5 Bh7 9. Bd3 Bxd3 10. Qxd3 e6 11. Bd2 Ngf6 12. O-O-O Be7 13. Ne4 Qb6 {B19: Classical Caro-Kann: 4...Bf5 main line} (13... Nxe4 14. Qxe4 Nf6 15. Qe2 Qd5 16. c4 {½-½ (16) Tiviakov,S (2611)-Dreev,A (2662) Trieste 2019}) 14. Kb1 Rd8 15. Qe2 Nxe4 {The position is equal.} 16. Qxe4 Nf6 {[%cal Bd7f6,Bf6d5,Bd5c3][%mdl 32]} 17. Qe2 c5 (17... Qb5 {keeps more tension.} 18. Rde1 Qxe2 19. Rxe2 O-O 20. Be3 Ng4) 18. Bc3 (18. dxc5 $11 {remains equal.} Bxc5 19. Ne5) 18... Nd5 $36 {[%mdl 2048] Black is on the roll.} 19. Qe1 {[#] Strongly threatening Ba5.} Nxc3+ 20. Qxc3 {Hoping for dxc5.} O-O 21. Qb3 Qxb3 22. axb3 cxd4 23. Nxd4 Bc5 $146 24. c3 Rd5 25. f4 (25. b4 $15 Bxd4 26. Rxd4) 25... Rfd8 $19 26. Kc2 Bxd4 27. Rxd4 Rxd4 28. cxd4 Rxd4 {[%mdl 4096] Endgame KR-KR} 29. g3 f5 30. Rd1 $2 (30. Rc1 $17) 30... Rxd1 31. Kxd1 {KP-KP} Kf7 32. Kd2 Kf6 33. Kd3 e5 34. Ke3 e4 35. Kd4 g6 36. Ke3 gxh5 37. Kd4 a5 {Black mates.} 38. Ke3 Kg6 39. Kd4 {[#]} h4 $1 40. g4 (40. gxh4 Kh5) 40... h3 41. gxf5+ Kxf5 42. Ke3 h2 43. Kd4 {Accuracy: White =  9%, Black = 92%.} 0-1

[Event "2nd Gujarat Open 2019"]
[Site "Ahmedabad, Gujarat"]
[Date "2019.09.22"]
[Round "1"]
[White "Dave Sneh"]
[Black "Das, Sayantan"]
[Result "0-1"]
[WhiteElo "1809"]
[BlackElo "2434"]
[Annotator "TA"]
[PlyCount "30"]
[EventDate "2019.09.22"]
[EventCountry "IND"]
[SourceTitle "playchess.com"]
[Source "ChessBase"]
[SourceQuality "1"]

{[%evp 11,30,8,31,-31,-35,-155,-143,-202,-184,-279,-279,-337,-327,-303,-283,-375,-370,-356,-356,-1040,-1039]} 1. d4 Nf6 2. c4 g6 3. Nc3 Bg7 4. Nf3 O-O 5. Bg5 d6 6. Qd2 Nbd7 7. O-O-O $146 {E61: King's Indian: Early deviations for White, including Smyslov System} (7. e4 $14) (7. Bh6 e5 8. Bxg7 Kxg7 9. O-O-O Qe7 10. h4 e4 11. Ng5 h6 12. Nh3 c6 13. e3 a6 14. f3 Re8 {0-1 (31) Mamedyarov,S (2746)-Jobava,B (2669) Almaty 2016}) 7... c6 $15 8. h3 {[#]} (8. e4 $15) 8... b5 $1 $17 {[%cal Bb7b5,Bb5b4][%mdl 544]} 9. Qd3 (9. a3 $17) (9. cxb5 cxb5) 9... b4 $19 10. Na4 (10. Ne4 {is a better defense.}) 10... Qa5 11. Qb3 Nb6 12. Nxb6 axb6 13. Bd2 Qxa2 14. Qxa2 Rxa2 15. Kb1 $2 (15. Bxb4 Bf5 16. Rg1) 15... b3 {Accuracy: White =  3%, Black = 96%.} 0-1

[Event "2nd Gujarat Open 2019"]
[Site "Ahmedabad, Gujarat"]
[Date "2019.09.22"]
[Round "1"]
[White "Aniruddh Chatterjee"]
[Black "Lugovskoy, Maxim"]
[Result "0-1"]
[WhiteElo "1805"]
[BlackElo "2422"]
[Annotator "TA"]
[PlyCount "78"]
[EventDate "2019.09.22"]
[EventCountry "IND"]
[SourceTitle "playchess.com"]
[Source "ChessBase"]
[SourceQuality "1"]

{[%evp 9,78,-50,-38,-153,-157,-153,-124,-159,-172,-168,-161,-167,-162,-177,-158,-194,-205,-233,-240,-231,-223,-234,-223,-227,-224,-247,-225,-267,-275,-275,-271,-313,-301,-310,-308,-310,-300,-289,-287,-335,-335,-335,-313,-423,-419,-503,-352,-352,-352,-352,-352,-352,-352,-350,-347,-339,-339,-362,-292,-499,-493,-568,-482,-617,-616,-1031,-1014,-5197,-1750,-1330,-1346]} 1. d4 Nf6 2. Bg5 c5 3. Bxf6 gxf6 4. e3 Qb6 5. dxc5 (5. b3 d5 6. Nf3 Nc6 7. Be2 Rg8 8. Kf1 Bg4 9. Nc3 e6 10. Na4 Qa5 11. dxc5 Bxc5 12. Nxc5 Qxc5 {1-0 (56) Zhang,P (2638)-Ni,H (2724) Xinghua Jiangsu 2009}) 5... Qxb2 6. Qd4 {A45: Trompowsky Attack} (6. Nd2 $15) 6... Qc1+ $17 (6... Qxc2 7. Na3 $15) 7. Qd1 Qxd1+ 8. Kxd1 {Black is better.} e6 9. Nc3 Bxc5 10. Bd3 Nc6 11. Rb1 f5 12. Nge2 b6 $146 13. e4 fxe4 ({But not} 13... Bxf2 14. exf5 Bc5 15. Ng3) 14. Nxe4 Be7 15. g4 Bb7 16. f4 O-O-O 17. h4 Nb4 18. Rh3 Rdg8 (18... Nxa2 19. c3 $17) 19. g5 h6 (19... Nxa2 20. Nf6 $15) 20. Nf2 hxg5 (20... Nxa2 21. c3 $17) 21. fxg5 Nxd3 ({Not} 21... Nxa2 22. c3 $17) 22. cxd3 f6 23. gxf6 Bxf6 24. Rb4 Be7 25. Rc4+ Kb8 26. Kd2 Bg2 27. Rh2 Bd5 28. Rg4 Rxg4 ({Don't do} 28... Bxa2 29. Rxg8+ Rxg8 30. h5 $19) 29. Nxg4 Rxh4 30. Rxh4 Bxh4 $19 {[%mdl 4096] Endgame KBB-KNN} 31. Nc3 Bc6 32. Ne5 Kc7 33. d4 d6 34. Nc4 $2 {[#]} (34. Nxc6 {was necessary.} Kxc6 35. Kd3) 34... b5 {[%cal Bb6b5,Bb5b4][%mdl 32] Black is clearly winning.} 35. Nb2 a5 36. Nd3 b4 37. Nd1 Bd5 38. Nc1 Bg5+ 39. Ne3 Bc4 {Accuracy: White = 23%, Black = 83%.} 0-1